00633nam a2200205Ia 450000500170000000800410001704000190005804100120007708200160008924500630010526000370016830000230020550400190022865000140024765100270026185000100028894200070029899900160030595201060032120240206093530.0131103s9999 xx 000 0 und d aLoreto College aEnglish a370.15bKUP aAdvanced Educational Psychology, cEdited by B.Kuppuswamy aDelhibSterling Publishersc1968 a511 p.b ill.,fig. areprinted 1978 aEducation aEducational Psychology aLCLIB cBK c9023d59502 00102ddc4070aMAINbMAINd2013-11-04l0o370.15 KUP 25824pB8899r2013-11-04w2013-11-04yBKf